| 000 | 01658nam a2200493 i 4500 | ||
|---|---|---|---|
| 001 | 17851 | ||
| 003 | KOSZ 005 | ||
| 005 | 20211119131745.0 | ||
| 008 | 020718s1978 pl a f |000 0 pol | ||
| 015 | _aPB 1978/4634 | ||
| 035 | _a991018954779705066 | ||
| 035 | _a(PL-WaBN)b15135251-48omnis_nlop | ||
| 035 | _ab15135251 | ||
| 035 | _a(OCoLC)749307121 | ||
| 035 | _a(PL)b0000001513525 | ||
| 035 | _a(EXLNZ-48OMNIS_NETWORK)9910138850505606 | ||
| 040 |
_aWA N _cWA N _dKOSZ 005/EG |
||
| 041 | 0 | _apol | |
| 046 | _k1978 | ||
| 080 | _a744 | ||
| 080 | _a697 | ||
| 100 | 1 |
_aWasilewski, Zygmunt _c(inżynieria środowiska) _eAutor |
|
| 245 | 1 | 0 |
_aRysunek techniczny dla monterów instalacji wentylacyjnych i klimatyzacyjnych / _cZygmunt Wasilewski. |
| 260 |
_aWarszawa : _b"Arkady", _c1978. |
||
| 300 |
_a193, [2] s., [6] k. tabl. : _bil. tab. wykr. ; _c25 cm. |
||
| 336 |
_2rdacontent _aTekst _btxt |
||
| 337 |
_2rdamedia _aBez urządzenia pośredniczącego _bn |
||
| 338 |
_2rdacarrier _aWolumin _bnc |
||
| 380 | _aKsiążki | ||
| 380 | _aPublikacje fachowe | ||
| 388 | _a1901-2000 | ||
| 388 | _a1945-1989 | ||
| 500 | _aIstytucja sprawcza : Zjednoczenie Przedsiębiorstw Instalacji Przemysłowych INSTAL. | ||
| 504 | _aBibliogr. | ||
| 650 | 7 |
_aInstalacje _2DBN |
|
| 650 | 7 | _aKlimatyzacja | |
| 650 | 7 | _aWentylacja | |
| 655 | 7 | _aRysunek techniczny | |
| 658 | _aArchitektura i budownictwo | ||
| 710 | 2 |
_aWydawnictwo Arkady _4pbl |
|
| 856 |
_uhttp://koha.tu.koszalin.pl/cgi-bin/koha/opac-detail.pl?biblionumber=17851 _yKatalog online BPK |
||
| 942 |
_2UKD _cKS |
||
| 999 |
_c17851 _d17851 |
||